000 00412nmm a2200145Ia 4500
008 251105s9999||||xx |||||||||||||||||und||
041 _aspa
100 _aBenedetti, Mario
245 0 _aPuntero izquierdo
264 _a[Santiago de Chile, Chile] :
_bPatagonia,
_c2014
300 _a14 páginas
650 _aLatin American narrative
856 _uhttps://public.digitaliapublishing.com/a/38476
942 _cCF
999 _c105254
_d105254